<?xml version="1.0" encoding="UTF-8"?><?xml-stylesheet type="text/xsl" href="static/style.xsl"?><OAI-PMH xmlns="http://www.openarchives.org/OAI/2.0/" xmlns:xsi="http://www.w3.org/2001/XMLSchema-instance" xsi:schemaLocation="http://www.openarchives.org/OAI/2.0/ http://www.openarchives.org/OAI/2.0/OAI-PMH.xsd"><responseDate>2026-06-02T02:13:50Z</responseDate><request verb="GetRecord" identifier="oai:riuma.uma.es:10630/33980" metadataPrefix="marc">https://riuma.uma.es/rest/oai/request</request><GetRecord><record><header><identifier>oai:riuma.uma.es:10630/33980</identifier><datestamp>2026-02-03T11:22:11Z</datestamp><setSpec>com_10630_2254</setSpec><setSpec>col_10630_37953</setSpec></header><metadata><record xmlns="http://www.loc.gov/MARC21/slim" xmlns:dcterms="http://purl.org/dc/terms/" xmlns:doc="http://www.lyncode.com/xoai" xmlns:xsi="http://www.w3.org/2001/XMLSchema-instance" xsi:schemaLocation="http://www.loc.gov/MARC21/slim http://www.loc.gov/standards/marcxml/schema/MARC21slim.xsd">
   <leader>00925njm 22002777a 4500</leader>
   <datafield ind2=" " ind1=" " tag="042">
      <subfield code="a">dc</subfield>
   </datafield>
   <datafield ind2=" " ind1=" " tag="720">
      <subfield code="a">Bautista-Hernáez, Andrés</subfield>
      <subfield code="e">author</subfield>
   </datafield>
   <datafield ind2=" " ind1=" " tag="260">
      <subfield code="c">2024</subfield>
   </datafield>
   <datafield ind2=" " ind1=" " tag="520">
      <subfield code="a">Aunque la política medioambiental de la Unión Europea se consagrase en los tratados hace décadas, no ha sido hasta los últimos años en que la Unión Europea ha afrontado con seriedad y logros esta materia, constituyéndose en verdadero baluarte de la protección del medio ambiente, incluido el cambio climático. El medio ambiente está indisolublemente asociado a la cuestión de seguridad nacional e internacional. Esto ha sido ejemplificado con el conflicto bélico entre Rusia y Ucrania de 2021. También ha supuesto una serie de amenazas y oportunidades a la seguridad medioambiental y energética europea y ha evidenciado su impacto en la acción exterior de la Unión. Este trabajo analiza dichas amenazas y las repuestas ofrecidas para reflexionar sobre el verdadero efecto del conflicto en la Unión Europea.</subfield>
   </datafield>
   <datafield ind1="8" ind2=" " tag="024">
      <subfield code="a">Bautista-Hernáez, A., “La protección del medio ambiente en situaciones de conflicto armado: implicaciones para la Unión Europea a raíz de la guerra de Ucrania”, Cuadernos europeos de Deusto, Nº 71, 2024, 29-57</subfield>
   </datafield>
   <datafield ind1="8" ind2=" " tag="024">
      <subfield code="a">1130-8354</subfield>
   </datafield>
   <datafield ind1="8" ind2=" " tag="024">
      <subfield code="a">https://hdl.handle.net/10630/33980</subfield>
   </datafield>
   <datafield ind1="8" ind2=" " tag="024">
      <subfield code="a">0.18543/ced.3130</subfield>
   </datafield>
   <datafield tag="653" ind2=" " ind1=" ">
      <subfield code="a">Guerra de Ucrania, 2022- - Aspectos ambientales</subfield>
   </datafield>
   <datafield ind2="0" ind1="0" tag="245">
      <subfield code="a">La protección del medio ambiente en situaciones de conflicto armado: implicaciones para la Unión Europea a raíz de la guerra de Ucrania.</subfield>
   </datafield>
</record>
</metadata></record></GetRecord></OAI-PMH>